000
00214nam a22000857a 4500
008
161207b xxu||||| |||| 00| 0 eng d
100
_9
1903
_a
Rhymes.L
245
_a
Mousie Goes for Water
260
_a
Moscow
_b
Progress
_c
1986
999
_c
4668
_d
4668